| 000 | 00521nam a2200181Ia 4500 | ||
|---|---|---|---|
| 999 |
_c164 _d164 |
||
| 008 | 190805s9999||||xx |||||||||||||| ||und|| | ||
| 020 |
_a9788179662204 _cRs. 120.00 |
||
| 040 | _aKO | ||
| 082 | 0 | 4 |
_a820 _bSa214 _223 |
| 245 | 1 | 0 |
_aPanorama : english for communication / _cEdited by Usha Saikumar |
| 250 | _aRev. ed. | ||
| 260 |
_aChennai : _bEmerald Publishers, _c2014, reprinted 2015 |
||
| 300 |
_a200 p. _b : _c; 24 cm. |
||
| 650 | 0 |
_aEnglish _vTextbooks |
|
| 700 | 1 | _aSaikumar, Usha (Ed.) | |
| 942 | _cBK | ||